Countries of the World by Official Language - Statistics

General Stats
  • This quiz has been taken 2,079 times
  • The average score is 186 of 196
Answers on the Map
Answers color-coded by a green-red scale on the quiz's map according to % correct below.
 
Answer Stats
Country Language % Correct
South Africa Afrikaans / English / Southern Ndebele / Sotho / Northern Sotho / Swazi / Tsonga / Tswana / Venda / Xhosa / Zulu
100%
Comoros Arabic / Comorian / French
100%
Sudan Arabic / English
100%
Chad | Djibouti Arabic / French
100%
Zimbabwe Chewa / Chibarwe / English / Kalanga / Khoisan / Nambya / Ndau / Ndebele / Shangani / Shona / Sotho / Tonga / Tswana / Venda / Xhosa
100%
Belgium Dutch / French / German
100%
Antigua and Barbuda | Australia | Bahamas | +23 others English
100%
Malawi English / Chichewa
100%
Fiji English / Fijian / Fiji Hindi
100%
Cameroon | Canada English / French
100%
Vanuatu English / French / Bislama
100%
Rwanda English / French / Kinyarwanda / Swahili
100%
Seychelles English / French / Seychellois Creole
100%
Kiribati English / Gilbertese
100%
Papua New Guinea English / Hiri Motu / Tok Pisin
100%
Singapore English / Malay / Chinese / Tamil
100%
New Zealand English / Maori
100%
Marshall Islands English / Marshallese
100%
Mauritius English / Mauritian Creole (Morisien)
100%
Nauru English / Nauruan
100%
Palau English / Palauan
100%
Samoa English / Samoan
100%
Kenya | Uganda English / Swahili
100%
Eswatini English / Swazi
100%
Tonga English / Tongan
100%
Philippines Filipino / English
100%
Switzerland French / German / Italian / Romansh
100%
Luxembourg French / German / Luxembourgish
100%
Burundi French / Kirundi / English
100%
Equatorial Guinea French / Portuguese / Spanish
100%
India Hindi / English
100%
Ireland Irish / English
100%
Malta Maltese / English
100%
Lesotho Sotho / English
100%
Argentina | Chile | Colombia | +14 others Spanish
100%
Bolivia Spanish / Aymara / Araona / Baure / Bésiro / Canichana / Cavineño / Cayubaba / Chácobo / Chimán / Ese Ejja / Guarani / Guarasu'we / Guarayu / Itonama / Leco / Machajuyai-Kallawaya / Machineri / Maropa / Mojeño-Ignaciano / Mojeño-Trinitario / Moré / Mosetén / Movima / Pacawara / Puquina / Quechua / Sirionó / Tacana / Tapieté / Toromona / Uru-Chipaya / Weenhayek / Yaminawa / Yuki / Yuracaré / Zamuco
100%
Paraguay Spanish / Guaraní
100%
Tanzania Swahili / English
100%
Tuvalu Tuvaluan / English
100%
Pakistan Urdu / English
100%
Algeria | Morocco Arabic / Berber
99%
Belarus Belarusian / Russian
99%
Central African Republic French / Sango
99%
Sao Tome and Principe Portuguese
99%
Benin | Burkina Faso | Democratic Republic of Congo | +9 others French
99%
Haiti French / Haitian Creole
99%
Madagascar French / Malagasy
99%
Austria | Germany | Liechtenstein German
99%
Kazakhstan Kazakh / Russian
99%
Kyrgyzstan Kyrgyz / Russian
99%
Angola | Brazil | Cabo Verde | +3 others Portuguese
99%
East Timor Portuguese / Tetum
99%
Russia Russian
99%
Somalia Somali / Arabic
99%
Bahrain | Egypt | Jordan | +11 others Arabic
98%
Iraq Arabic / Kurdish
98%
China | Taiwan Chinese
98%
Cyprus Greek / Turkish
98%
Italy | San Marino Italian
98%
Vatican City Italian / Latin
98%
Finland Finnish / Swedish
97%
Japan Japanese
97%
Sweden Swedish
97%
Turkey Turkish
97%
Greece Greek
96%
North Korea | South Korea Korean
96%
Poland Polish
96%
Kosovo Albanian / Serbian
95%
Bosnia and Herzegovina Bosnian / Croatian / Serbian
95%
Netherlands | Suriname Dutch
95%
Ukraine Ukrainian
95%
Czech Republic Czech / Slovak
94%
Denmark Danish
94%
Mongolia Mongolian
94%
Moldova | Romania Romanian
94%
Vietnam Vietnamese
94%
Thailand Thai
93%
Bulgaria Bulgarian
92%
Croatia Croatian
92%
Estonia Estonian
92%
Hungary Hungarian
92%
Latvia Latvian
92%
North Macedonia Macedonian / Albanian
92%
Norway Norwegian / Sami
92%
Serbia Serbian
92%
Albania Albanian
91%
Lithuania Lithuanian
91%
Brunei | Malaysia Malay
91%
Afghanistan Persian / Pashto
91%
Slovakia Slovak
91%
Iceland Icelandic
90%
Slovenia Slovene
90%
Indonesia Indonesian
89%
Georgia Georgian
88%
Cambodia Khmer
88%
Nepal Nepali
88%
Armenia Armenian
87%
Laos Lao
87%
Iran Persian
87%
Bangladesh Bengali
83%
Uzbekistan Uzbek
83%
Azerbaijan Azerbaijani
81%
Turkmenistan Turkmen
79%
Tajikistan Tajik
77%
Israel Hebrew
76%
Myanmar Burmese
74%
Bhutan Dzongkha
73%
Montenegro Montenegrin
65%
Sri Lanka Sinhala / Tamil
61%
Ethiopia Afar / Amharic / Oromo / Somali / Tigrinya
60%
Andorra Catalan
47%
Eritrea Tigrinya
28%
Mali Bambara / Bobo / Bozo / Dogon / Fula / Hassaniya / Kassonke / Maninke / Minyanka / Senufo / Songhay / Soninke / Tamasheq
17%
Maldives Dhivehi
14%
No matching quizzes found
Score Distribution
Percent of People with Each Score
Percentile by Number Answered
Your Score History
You have not taken this quiz